Flags - Odd one out - Statistics

General Stats
  • This quiz has been taken 415 times
  • The average score is 3 of 9
Answer Stats
Question Answer % Correct
Odd one out
53%
Odd one out
50%
Odd one out
50%
Odd one out
48%
Odd one out
35%
Odd one out
33%
Odd one out
28%
Odd one out
18%
Odd one out
13%
No matching quizzes found
Score Distribution
Percent of People with Each Score
Percentile by Number Answered
Your Score History
You have not taken this quiz